[Event "FRA-ch U18"]
[Site "Le Grand Bornand"]
[Date "2007.04.08"]
[Round "1"]
[White "Appert, Gautier"]
[Black "Frederic, Clement"]
[Result "0-1"]
[WhiteElo "1907"]
[BlackElo "2241"]
[PlyCount "134"]
[EventDate "2007.04.07"]
[EventType "swiss"]
[EventRounds "9"]
[EventCountry "FRA"]
[SourceTitle "CBM 118 Extra"]
[Source "ChessBase"]
[SourceDate "2007.07.04"]
[SourceVersion "1"]
[SourceVersionDate "2007.07.04"]
[SourceQuality "1"]

1. d4 f5 2. Nc3 Nf6 3. Bg5 d5 4. Bxf6 exf6 5. e3 Nc6 6. a3 Be6 7. Bd3 Qd7 8. Nge2 0-0-0 9. Nf4 Bf7 10. Qf3 Ne7 11. g3 g5 12. Nfe2 h5 13. h4 Bh6 14. 0-0-0 Kb8 15. Kb1 Rdf8 16. Ka1 Bg6 17. Nc1 c6 18. Nb3 b6 19. Nd2 f4 20. Bxg6 g4 21. Qe2 Nxg6 22. gxf4 f5 23. Qd3 Bg7 24. Ne2 Bf6 25. Ng3 Bxh4 26. c4 Rf7 27. cxd5 Qxd5 28. Qc4 Bxg3 29. fxg3 Rfh7 30. Rc1 Kb7 31. Qxd5 cxd5 32. Nb1 h4 33. gxh4 Rxh4 34. Rxh4 Nxh4 35. Nc3 Kc6 36. Ne2+ Kd7 37. Ng3 Rh7 38. Rh1 Ke6 39. Kb1 Rh8 40. Kc2 Ng6 41. Rxh8 Nxh8 42. Kd3 Ng6 43. b3 Nh4 44. Ke2 Ng6 45. Kd3 Ne7 46. Kc3 Nc8 47. Kd3 Nd6 48. Ke2 Kf6 49. Kf2 Nb7 50. b4 Nd6 51. a4 Kg6 52. Ke2 Nc4 53. Kd3 a6 54. b5 axb5 55. axb5 Na3 56. Kc3 Nxb5+ 57. Kb4 Nd6 58. Ka4 Ne4 59. Ne2 g3 60. Kb5 g2 61. Kxb6 Kh5 62. Kc6 Kg4 63. Ng1 Nf2 64. Kxd5 Nh3 65. Ke6 Nxg1 66. d5 Nh3 67. d6 g1Q 0-1